01277 a2200193 45000010006000000050017000060080041000230030015000640400040000790800073001192450062001922640032002543000019002865050700003050410008010051000021010137000018010347000031010522464320260407155530.0260407a1965 arg spa dAR-UNSa-BCEJYS aAR-UNSa-BCEJYSbspacAR-UNSa-BCEJYS a657.3xPresupuestos. Cierre de Cuentas. Balances (Estados Contables)10aAnálisis de estados financierospprincipios y técnica 1aBuenos Aires :bMundic1965 a294 p.c23 cm. aParte I : El problema y su ubicación : 1. Significación y desarrollo del análisis de estados financieros - 2. Naturaleza y limitaciones de los estados financieros - 3. Medición e interpretación - 4. Ajustes del nivel de precio - 5. Tendencias de los principios y procedimientos contables - Parte II : Técnica del análisis de los estados financieros : 6. Comparación de balances - 7. Variaciones en la posición de corriente - 8. Comparación de estados de resultados - 9. Variaciones en los resultados - 10. Tendencias - 11. Estructura financiera - 12. Interpretación de las mediciones - 13. Casos ilustrativos - 14. Relaciones standard - 15. Diversos esquemas de mediciones. aspa1 aBlanco, Jorge O.1 aMyer, John N.1 aBértora, Héctor Raúl